Catálogo
 En Linea

Seguridad y ciudadanía en la República Dominicana : (Registro nro. 37454)

Detalles MARC
000 -CABECERA
campo de control de longitud fija 00620nam a2200133 a 4500
001 - NÚMERO DE CONTROL
campo de control 000037964
005 - FECHA Y HORA DE LA ÚLTIMA TRANSACCIÓN
campo de control 20201002031138.0
008 - DATOS DE LONGITUD FIJA--INFORMACIÓN GENERAL
campo de control de longitud fija 130311s20uu dr 000 0 spa d
040 ## - FUENTE DE LA CATALOGACIÓN
Centro catalogador/agencia de origen DO-SdBNP
Lengua de catalogación spa
Centro/agencia transcriptor BNPHU
245 10 - MENCIÓN DE TÍTULO
Título Seguridad y ciudadanía en la República Dominicana :
Resto del título por una política de prevención integral y coordinada experiencias y reflexiones para su implementación.
246 13 - FORMA VARIANTE DE TÍTULO
Título propio/Titulo breve Por una política de prevención integral y coordinada experiencias y reflexiones para su implementación
260 ## - PUBLICACIÓN, DISTRIBUCIÓN, ETC.
Lugar de publicación, distribución, etc. Santo Domingo :
Nombre del editor, distribuidor, etc. Consejo Nacional de Reforma del Estado (CONARE),
Fecha de publicación, distribución, etc. [200?].
300 ## - DESCRIPCIÓN FÍSICA
Extensión 234 p. ;
Dimensiones 25 cm.
Existencias
Estado de retiro Estado de pérdida Restricciones de uso No para préstamo Código de colección Localización permanente Ubicación/localización actual Ubicación en estantería Fecha de adquisición Número de inventario Total de préstamos Signatura topográfica completa Código de barras Fecha visto por última vez Número de copia Precio válido a partir de Tipo de ítem Koha
        Dominicana de Servicio General General Depósito 11.03.2013 LF1   37964-30 25.06.2020 e. 3 25.06.2020 Libro y Folleto Colección Dominicana de Servicio
      Excluido de préstamo Patrimonio Dominicano Patrimonio Dominicano Patrimonio Dominicano Depósito 11.03.2013 LF1   37964-10 25.06.2020 e. 2 25.06.2020 Libro y Folleto Colección Patrimonio Dominicano
      Excluido de préstamo Patrimonio Dominicano Patrimonio Dominicano Patrimonio Dominicano Depósito 11.03.2013 LF1   37964-20 25.06.2020   25.06.2020 Libro y Folleto Colección Patrimonio Dominicano

Con tecnología Koha